000 01468naa a22003017a 4500
001 BR8402125
003 BR-BrBNA
005 20250721154442.0
007 ta
008 250630b bl.|||m| |||| 00| 0 por d
040 _aBR-BrBNA
_bpor
_cBiblioteca Nacional de Agricultura
041 _a(En)
072 _aA50; C00
_b/G514
090 _aA50 BR8402125
100 1 _aPastore, J.
100 1 _aAlves, E.R. de A.
245 1 _aReforming the Brazilian agricultural research system [Empresa Brasileira de Pesquisa Agropecuaria]
246 1 _aReforming the Brazilian agricultural research system [Brazilian Corporation for Agricultural Research]
246 1 _aBrazilian agriculture and agricultural research
500 _aBrazilian agriculture and agricultural research Yeganiantz, L. (ed.) Brasilia, DF (Brasil): Empresa Brasileira de Pesquisa Agropecuaria. Depto. de Difusao de Tecnologia, 1984. p. 117-128 [7 ref.] (BR8402125-AMS)
773 0 _tBrazilian agriculture and agricultural research
_aYeganiantz, L. (ed.). Empresa Brasileira de Pesquisa Agropecuaria, Brasilia, DF. Depto. de Estudos e Pesquisas
_wA50 BR8402125
_gBrasilia, DF (Brasil), 1984. p. 117-128
650 _aPESQUISA AGRICOLA
650 _aINSTITUICAO AGRICOLA
650 _aINSTITUICAO DE PESQUISA
490 _aDocumentos - Empresa Brasileira de Pesquisa Agropecuaria. Depto. de Estudos e Pesquisas (Brazil)
_vno. 9
942 _cAMS
_2AGRIS
909 _a202506
_bLúcia
_c55
_dLúcia Elande
999 _c334853
_d334853